000 00373cam a22001217a 4500
008 180718b1984 xxu||||| |||| 00| 0 eng d
082 _aTOOO R545
100 _aRobertson, A.F.
245 _aPeople and the state : an anthropology of planned development
_cby A.F. Robertson
260 _aLondon
_bCambridge University Press
_c1984
300 _axiii,332p.
650 _aPlanning
999 _c430172
_d430172